000 00361nam a22001577a 4500
003 SGT
020 _a9780323776158
082 _a616.025
_bM23M
100 _aMalamed, Stanley F.
245 _aMedical Emergencies in the dental office
250 _a8th
260 _bElsevier
_c2023
300 _a554
653 _aMedical Emergencies
942 _2ddc
_cBK
_01
999 _c24886
_d24886